000 01160nam a2200265Ia 4500
003 OSt
005 20220930094719.0
006 a|||||r|||| 00| 0
007 ta
008 220926b |||||||| |||| 00| 0 hin d
024 _a135
037 _cTheses
040 _aCRL
_cCRL
_bhin
041 _2hin
_ahin
100 _aमिश्र, शशिभूषण
110 _aदिल्ली विशवविद्यालय. संकाय कला. हिन्दी विभाग
_9556114
245 0 _aहिन्दी के नए विमर्श और भक्ति - साहित्य का पुनर्मूल्यांकन
246 _aHindī ke nae vimarsha aur bhakti - sāhitya kā punarmūlyāankana
260 _c2010
650 _aहिन्दी साहित्य
700 _a गर्ग, मुकेश, गा.
700 _aदिल्ली विशवविद्यालय. संकाय कला. हिन्दी विभाग
_9556115
942 _cDIS
_2CC
999 _c887547
_d887547